[Event "Famalicao op 6th"]
[Site "Famalicao"]
[Date "2018.07.29"]
[Round "1"]
[White "Damaso, Rui"]
[Black "Carvalho, Vitor Manuel Moreir"]
[Result "1-0"]
[WhiteElo "2440"]
[BlackElo "1465"]
[PlyCount "37"]
[EventDate "2018.07.29"]
[EventType "swiss"]
[EventRounds "9"]
[EventCountry "POR"]
[SourceTitle "CBM 185 Extra"]
[Source "ChessBase"]
[SourceDate "2018.07.29"]
[SourceVersion "1"]
[SourceVersionDate "2018.07.29"]
[SourceQuality "1"]

1. d4 Nf6 2. Bg5 e6 3. Nd2 d5 4. e4 dxe4 5. Nxe4 Be7 6. Bxf6 Bxf6 7. Nf3 b6 8. Qd2 Bb7 9. Bd3 Nc6 10. 0-0-0 Bxd4 11. Bb5 Bf6 12. Nxf6+ Qxf6 13. Qd7+ Kf8 14. Bxc6 Qf4+ 15. Kb1 Bxc6 16. Qxc6 Ke7 17. Rd4 Qf5 18. Qxc7+ Kf6 19. Rf4 1-0

[Event "Lisbon Portugal op"]
[Site "Lisbon"]
[Date "2018.02.06"]
[Round "6"]
[White "Damaso, Rui"]
[Black "Kunz, Andre"]
[Result "1-0"]
[WhiteElo "2445"]
[BlackElo "2153"]
[PlyCount "89"]
[EventDate "2018.02.03"]
[EventType "swiss"]
[EventRounds "9"]
[EventCountry "POR"]
[SourceTitle "CBM 182 Extra"]
[Source "ChessBase"]
[SourceDate "2018.02.23"]
[SourceVersion "1"]
[SourceVersionDate "2018.02.23"]
[SourceQuality "1"]

1. e4 c6 2. Nf3 d5 3. Nc3 Bg4 4. h3 Bh5 5. d4 e6 6. exd5 exd5 7. Qe2+ Be7 8. g4 Bg6 9. h4 h6 10. Ne5 Bh7 11. g5 Nd7 12. Bf4 Nxe5 13. Qxe5 Kf8 14. 0-0-0 f6 15. Qe3 fxg5 16. Be5 gxh4 17. Bd3 Bxd3 18. Qxd3 Bf6 19. Rdg1 Qe7 20. f4 h5 21. Nd1 Nh6 22. Ne3 Ng4 23. Nxg4 hxg4 24. Rxg4 Rh6 25. Rhg1 h3 26. Rh1 Kf7 27. Rxh3 Rah8 28. Rhg3 Rh1+ 29. Rg1 R8h6 30. Qf5 Rxg1+ 31. Rxg1 a5 32. a3 Qd8 33. Kb1 b5 34. Rg3 a4 35. Qg4 Kf8 36. Bxf6 Qxf6 37. Qc8+ Kf7 38. Re3 Qd6 39. f5 Qf8 40. Qd7+ Kf6 41. Qe6+ Kg5 42. Rg3+ Kh4 43. Qe1 Qxf5 44. Rg2+ Kh3 45. Qh1# 1-0

[Event "Lisbon Portugal op"]
[Site "Lisbon"]
[Date "2018.02.03"]
[Round "1"]
[White "Rumsey, Victor B"]
[Black "Damaso, Rui"]
[Result "0-1"]
[WhiteElo "1888"]
[BlackElo "2445"]
[PlyCount "98"]
[EventDate "2018.02.03"]
[EventType "swiss"]
[EventRounds "9"]
[EventCountry "POR"]
[SourceTitle "CBM 182 Extra"]
[Source "ChessBase"]
[SourceDate "2018.02.23"]
[SourceVersion "1"]
[SourceVersionDate "2018.02.23"]
[SourceQuality "1"]

1. d4 d6 2. e4 Nf6 3. Nc3 c6 4. f4 Qa5 5. Bd3 e5 6. Nf3 Bg4 7. dxe5 dxe5 8. h3 Bxf3 9. Qxf3 Nbd7 10. f5 Nc5 11. 0-0 Nxd3 12. cxd3 Rd8 13. Rd1 Qb6+ 14. Kh1 Be7 15. Rb1 Qa6 16. b4 0-0 17. a4 Rd7 18. Ba3 Qb6 19. a5 Qd8 20. Ne2 Ne8 21. Bb2 Bf6 22. Rbc1 Nc7 23. Rc5 Na6 24. Rc4 Nc7 25. Rc5 Re8 26. Qg3 Qe7 27. Rc4 a6 28. Nc3 Red8 29. Na4 Nb5 30. Nc5 Rd6 31. Rdc1 Re8 32. Nb3 Bh4 33. Qf3 Rdd8 34. g3 Bg5 35. Re1 Qc7 36. Nc5 Bd2 37. Rd1 Nd6 38. Rc2 Bxb4 39. f6 Qxa5 40. Qg4 g6 41. Qg5 Bxc5 42. Qh6 Nf5 43. exf5 Bf8 44. Qg5 e4 45. Bc3 Qd5 46. Kh2 exd3 47. Rf2 Re4 48. h4 Rde8 49. fxg6 hxg6 0-1

[Event "POR-chT"]
[Site "Leiria"]
[Date "2017.07.23"]
[Round "9.2"]
[White "Polaczek, Richard"]
[Black "Damaso, Rui"]
[Result "0-1"]
[WhiteElo "2406"]
[BlackElo "2434"]
[PlyCount "112"]
[EventDate "2017.07.17"]
[EventType "team-tourn"]
[EventRounds "9"]
[EventCountry "POR"]
[SourceTitle "CBM 179 Extra"]
[Source "ChessBase"]
[SourceDate "2017.08.23"]
[SourceVersion "1"]
[SourceVersionDate "2017.08.23"]
[SourceQuality "1"]
[WhiteTeam "Montemor o Velho"]
[BlackTeam "Barreirense"]
[WhiteTeamCountry "POR"]
[BlackTeamCountry "POR"]

1. d4 d6 2. Nf3 Nf6 3. g3 c5 4. d5 g6 5. Nc3 Bg7 6. Bg2 Bf5 7. Nd2 Qc8 8. h3 0-0 9. Nc4 Na6 10. e4 Bd7 11. a4 Nc7 12. Na3 b6 13. Nc4 Qa6 14. Qe2 b5 15. Ne3 Qa5 16. 0-0 b4 17. Nb1 e6 18. Nd2 exd5 19. exd5 Nb5 20. Ndc4 Nd4 21. Qd1 Qa6 22. Re1 Rae8 23. c3 bxc3 24. bxc3 Ne4 25. Bb2 Nf5 26. Qc2 Nxe3 27. Nxe3 f5 28. Nf1 Ng5 29. f4 Rxe1 30. Rxe1 Ne4 31. Kh2 Bxa4 32. Ra1 Bxc2 33. Rxa6 Rb8 34. Ba1 Rb7 35. Ne3 Bd3 36. c4 Bd4 37. Ra3 Be2 38. g4 Rb1 39. Bxd4 cxd4 40. gxf5 Nc5 41. fxg6 hxg6 42. Ra2 dxe3 43. Rxe2 Rb3 44. Ra2 a5 45. Bf3 a4 46. Kg3 a3 47. f5 gxf5 48. Kf4 Nd3+ 49. Kxf5 Nc1 50. Ra1 e2 51. Bxe2 Nxe2 52. Ke6 Nd4+ 53. Kxd6 Nc2 54. Rg1+ Kh7 55. c5 a2 56. c6 Rb1 0-1